00960 2200313 4500001002100000005001500021035002000036008004100056020001800097082000800115084001400123100002800137245008000165250001200245300003300257500003700290650001200327700004400339700004900383504002300432264002900455336002100484337003000505338002300535990002200558990002200580990002200602990002200624INLIS00000000000706020260603021702 a0010-0822000034260603 0  a602-8950-15-2 a746 a746 WAH b0 aWahyu Eka PSePengarang1 aBusana Pria /cWahyu Eka PS ;Editor,Fiki Puspitasari ,Listiana Setyaningrum a.-Cet.1 aiv,76 Hlm :billus. ;c25 cm aGlosarium ,Hlm 74,Indeks,Hlm 76, 4aTekstil0 aEditor Ke-1,Fiki PuspitasariePengarang0 aEditor Ke-2,Listiana SetyaningrumePengarang aBibliografi Hlm 75 a.--Sleman :bKtsp,c2019 2rdacontentateks 2rdamediaatanpa perantara 2rdacarrieravolume a35.777/S/DPK/2021 a35.778/S/DPK/2021 a35.776/S/DPK/2021 a35.779/S/DPK/2021